000 01108nam a2200313 i 4500
003 EG-GICUC
005 20260311211631.0
008 260311s19861406ua ||||fr|||| 00| 0 ara d
040 _a EG-GICUC
_bara
_c EG-GICUC
_d EG-GICUC
_erda
041 _aara
082 0 4 _221
_a343.7
_bا س . ع
092 0 4 _221
099 _aLaw1 10 343.7 ا س . ع 1 ed - 1986
100 0 _aاسامة عبدالله قايد
_eمؤلف.
245 1 0 _aعلم العقاب /
_cتأليف دكتور اسامة عبدالله قايد.
250 _aالطبعة الاولى
264 1 _aالقاهرة :
_bدار النهضة العربية،
_c1986.
300 _a240 صفحة ;
_c24 سم.
336 _2rda content
_atext
337 _2rda media
_aComputer
338 _2rda carrier
_aOnline Resource
504 _aيشتمل على إرجاعات ببليوجرافية.
546 _aالنص باللغة العربية
650 1 _aالقانون الجنائي
650 1 _aعلم العقاب
856 4 0 _uhttps://fll.law.cu.edu.eg/fulltext/bks/B10-07974.pdf
905 _a43
942 _2ddc
_n0
_cBK
_e21
999 _c66136
_d66136